<?xml version="1.0" encoding="UTF-8"?>
<record
    xmlns:xsi="http://www.w3.org/2001/XMLSchema-instance"
    xsi:schemaLocation="http://www.loc.gov/MARC21/slim http://www.loc.gov/standards/marcxml/schema/MARC21slim.xsd"
    xmlns="http://www.loc.gov/MARC21/slim">

  <leader>00745cas a2200217 a 4500</leader>
  <datafield tag="022" ind1=" " ind2=" ">
    <subfield code="a">0014-8059</subfield>
  </datafield>
  <datafield tag="040" ind1=" " ind2=" ">
    <subfield code="c">COO</subfield>
  </datafield>
  <datafield tag="082" ind1=" " ind2=" ">
    <subfield code="a">630 VOL 2005 C275 Or.</subfield>
  </datafield>
  <datafield tag="245" ind1="0" ind2="0">
    <subfield code="a">Farm management</subfield>
  </datafield>
  <datafield tag="246" ind1="1" ind2=" ">
    <subfield code="a">Journal of farm management</subfield>
  </datafield>
  <datafield tag="300" ind1=" " ind2=" ">
    <subfield code="a">volumes :</subfield>
    <subfield code="b">illustrations ;</subfield>
    <subfield code="c">22-25 cm</subfield>
  </datafield>
  <datafield tag="500" ind1=" " ind2=" ">
    <subfield code="a">Place of publication varies</subfield>
  </datafield>
  <datafield tag="500" ind1=" " ind2=" ">
    <subfield code="a">Description based on: Vol. 2, no. 2 (spring 1972); title from cover</subfield>
  </datafield>
  <datafield tag="500" ind1=" " ind2=" ">
    <subfield code="a">Latest issue consulted: Vol. 12, no. 1 (July 2004)</subfield>
  </datafield>
  <datafield tag="650" ind1=" " ind2="0">
    <subfield code="a">Farm management</subfield>
  </datafield>
  <datafield tag="650" ind1=" " ind2="0">
    <subfield code="a">Farm management</subfield>
  </datafield>
  <datafield tag="710" ind1="2" ind2=" ">
    <subfield code="a">Farm Management Association (Great Britain)</subfield>
  </datafield>
  <datafield tag="710" ind1="2" ind2=" ">
    <subfield code="a">Centre of Management in Agriculture (Great Britain)</subfield>
  </datafield>
  <datafield tag="710" ind1="2" ind2=" ">
    <subfield code="a">Institute of Agricultural Management (Great Britain)</subfield>
  </datafield>
  <datafield tag="942" ind1=" " ind2=" ">
    <subfield code="c">AEDBB</subfield>
  </datafield>
  <datafield tag="999" ind1=" " ind2=" ">
    <subfield code="c">21261</subfield>
    <subfield code="d">21261</subfield>
  </datafield>
  <datafield tag="952" ind1=" " ind2=" ">
    <subfield code="0">0</subfield>
    <subfield code="1">0</subfield>
    <subfield code="4">0</subfield>
    <subfield code="6">630_000000000000000_VOL_2005_C275_OR</subfield>
    <subfield code="7">0</subfield>
    <subfield code="9">93171</subfield>
    <subfield code="a">LBC</subfield>
    <subfield code="b">LBC</subfield>
    <subfield code="c">C275</subfield>
    <subfield code="d">2023-04-21</subfield>
    <subfield code="o">630 VOL 2005 C275 Or.</subfield>
    <subfield code="p">a05855</subfield>
    <subfield code="r">2023-04-21</subfield>
    <subfield code="y">AEDBB</subfield>
  </datafield>
  <datafield tag="952" ind1=" " ind2=" ">
    <subfield code="0">0</subfield>
    <subfield code="1">0</subfield>
    <subfield code="4">0</subfield>
    <subfield code="6">630_000000000000000_VOL_2005_C275_OR</subfield>
    <subfield code="7">0</subfield>
    <subfield code="9">93172</subfield>
    <subfield code="a">LBC</subfield>
    <subfield code="b">LBC</subfield>
    <subfield code="c">C275</subfield>
    <subfield code="d">2023-04-21</subfield>
    <subfield code="o">630 VOL 2005 C275 Or.</subfield>
    <subfield code="p">a04865</subfield>
    <subfield code="r">2023-04-21</subfield>
    <subfield code="y">AEDBB</subfield>
  </datafield>
  <datafield tag="952" ind1=" " ind2=" ">
    <subfield code="0">0</subfield>
    <subfield code="1">0</subfield>
    <subfield code="4">0</subfield>
    <subfield code="6">630_000000000000000_VOL_2005_C275_OR</subfield>
    <subfield code="7">0</subfield>
    <subfield code="9">93173</subfield>
    <subfield code="a">LBC</subfield>
    <subfield code="b">LBC</subfield>
    <subfield code="c">C275</subfield>
    <subfield code="d">2023-04-21</subfield>
    <subfield code="o">630 VOL 2005 C275 Or.</subfield>
    <subfield code="p">a04861</subfield>
    <subfield code="r">2023-04-21</subfield>
    <subfield code="y">AEDBB</subfield>
  </datafield>
  <datafield tag="952" ind1=" " ind2=" ">
    <subfield code="0">0</subfield>
    <subfield code="1">0</subfield>
    <subfield code="4">0</subfield>
    <subfield code="6">630_000000000000000_VOL_2005_C275_OR</subfield>
    <subfield code="7">0</subfield>
    <subfield code="9">93174</subfield>
    <subfield code="a">LBC</subfield>
    <subfield code="b">LBC</subfield>
    <subfield code="c">C275</subfield>
    <subfield code="d">2023-04-21</subfield>
    <subfield code="o">630 VOL 2005 C275 Or.</subfield>
    <subfield code="p">a04565</subfield>
    <subfield code="r">2023-04-21</subfield>
    <subfield code="y">AEDBB</subfield>
  </datafield>
  <datafield tag="952" ind1=" " ind2=" ">
    <subfield code="0">0</subfield>
    <subfield code="1">0</subfield>
    <subfield code="4">0</subfield>
    <subfield code="6">630_000000000000000_VOL_2005_C275_OR</subfield>
    <subfield code="7">0</subfield>
    <subfield code="9">93175</subfield>
    <subfield code="a">LBC</subfield>
    <subfield code="b">LBC</subfield>
    <subfield code="c">C275</subfield>
    <subfield code="d">2023-04-21</subfield>
    <subfield code="o">630 VOL 2005 C275 Or.</subfield>
    <subfield code="p">a04587</subfield>
    <subfield code="r">2023-04-21</subfield>
    <subfield code="y">AEDBB</subfield>
  </datafield>
  <datafield tag="952" ind1=" " ind2=" ">
    <subfield code="0">0</subfield>
    <subfield code="1">0</subfield>
    <subfield code="4">0</subfield>
    <subfield code="6">630_000000000000000_VOL_2005_C275_OR</subfield>
    <subfield code="7">0</subfield>
    <subfield code="9">93176</subfield>
    <subfield code="a">LBC</subfield>
    <subfield code="b">LBC</subfield>
    <subfield code="c">C275</subfield>
    <subfield code="d">2023-04-21</subfield>
    <subfield code="o">630 VOL 2005 C275 Or.</subfield>
    <subfield code="p">a04637</subfield>
    <subfield code="r">2023-04-21</subfield>
    <subfield code="y">AEDBB</subfield>
  </datafield>
  <datafield tag="952" ind1=" " ind2=" ">
    <subfield code="0">0</subfield>
    <subfield code="1">0</subfield>
    <subfield code="4">0</subfield>
    <subfield code="6">630_000000000000000_VOL_2005_C275_OR</subfield>
    <subfield code="7">0</subfield>
    <subfield code="9">93177</subfield>
    <subfield code="a">LBC</subfield>
    <subfield code="b">LBC</subfield>
    <subfield code="c">C275</subfield>
    <subfield code="d">2023-04-21</subfield>
    <subfield code="o">630 VOL 2005 C275 Or.</subfield>
    <subfield code="p">a04888</subfield>
    <subfield code="r">2023-04-21</subfield>
    <subfield code="y">AEDBB</subfield>
  </datafield>
  <datafield tag="952" ind1=" " ind2=" ">
    <subfield code="0">0</subfield>
    <subfield code="1">0</subfield>
    <subfield code="4">0</subfield>
    <subfield code="6">630_000000000000000_VOL_2005_C275_OR</subfield>
    <subfield code="7">0</subfield>
    <subfield code="9">93178</subfield>
    <subfield code="a">LBC</subfield>
    <subfield code="b">LBC</subfield>
    <subfield code="c">C275</subfield>
    <subfield code="d">2023-04-21</subfield>
    <subfield code="o">630 VOL 2005 C275 Or.</subfield>
    <subfield code="p">a05705</subfield>
    <subfield code="r">2023-04-21</subfield>
    <subfield code="y">AEDBB</subfield>
  </datafield>
  <datafield tag="952" ind1=" " ind2=" ">
    <subfield code="0">0</subfield>
    <subfield code="1">0</subfield>
    <subfield code="4">0</subfield>
    <subfield code="6">630_000000000000000_VOL_2005_C275_OR</subfield>
    <subfield code="7">0</subfield>
    <subfield code="9">93179</subfield>
    <subfield code="a">LBC</subfield>
    <subfield code="b">LBC</subfield>
    <subfield code="c">C275</subfield>
    <subfield code="d">2023-04-21</subfield>
    <subfield code="o">630 VOL 2005 C275 Or.</subfield>
    <subfield code="p">a05882</subfield>
    <subfield code="r">2023-04-21</subfield>
    <subfield code="y">AEDBB</subfield>
  </datafield>
  <datafield tag="952" ind1=" " ind2=" ">
    <subfield code="0">0</subfield>
    <subfield code="1">0</subfield>
    <subfield code="4">0</subfield>
    <subfield code="6">630_000000000000000_VOL_2005_C275_OR</subfield>
    <subfield code="7">0</subfield>
    <subfield code="9">93180</subfield>
    <subfield code="a">LBC</subfield>
    <subfield code="b">LBC</subfield>
    <subfield code="c">C275</subfield>
    <subfield code="d">2023-04-21</subfield>
    <subfield code="o">630 VOL 2005 C275 Or.</subfield>
    <subfield code="p">a04862</subfield>
    <subfield code="r">2023-04-21</subfield>
    <subfield code="y">AEDBB</subfield>
  </datafield>
</record>
